000 00465nam a2200193Ia 4500
001 1872
003 IN-NITTTR
005 20251114232921.0
008 251113s9999||||xx |||||||||||||| ||eng||
040 _beng
040 _cIN-NITTTR
041 _aeng
082 _a621.81 H17M
100 _aHam, C. W.
245 0 _aMechanics of machinery /
_cHam, C. W., Crane, E. J., Rogers, W. L.
700 _a Crane, E. J.
700 _a Rogers, W. L.
942 _2ddc
_cBK
999 _c2689
_d2689